| 000 | 07041cam a22019694i 4500 | ||
|---|---|---|---|
| 003 | PE-LiUPU | ||
| 005 | 20250813165922.0 | ||
| 008 | 150706s2012 sp a rb 000 0 spa d | ||
| 020 | _a8494021583 | ||
| 020 | _a9788494021589 | ||
| 035 | _a(Sirsi) i9788494012158 | ||
| 040 |
_aPE-LiUPU _bspa _cPE-LiUPU _erda |
||
| 049 | _aPRUA | ||
| 082 | 0 | 4 |
_a620.8 _bE64 _221 |
| 100 | 1 |
_aEnríquez Palomino, Antonio, _eautor. |
|
| 245 | 1 | 0 |
_aOHSAS 18001:2007 adaptado a 18002:2008 sistemas de gestión de la seguridad y salud en el trabajo / _cAntonio Enríquez Palomino y José Manuel Sánchez Rivero. |
| 250 | _a3a edición. | ||
| 264 | 1 |
_aMadrid : _bFundación Confemetal, _c[2012] |
|
| 300 |
_a313 páginas : _bilustraciones ; _c23 centímetros |
||
| 336 |
_atext _2rdacontent |
||
| 337 |
_aunmediated _2rdamedia |
||
| 338 |
_avolume _2rdacarrier |
||
| 504 | _aBibliografía al final de cada capítulo. | ||
| 505 | 0 | _aConsideraciones previas y definiciones en relación con OHSAS 18001 (puntos 1, 2 y 3 de la Norma) -- Requisitos generales del sistema de gestión de seguridad y salud en el trabajo - SGSST (puntos 4.1, 4.2 y 4.3 de la Norma) -- Planificación para la identificación de peligros, evaluación de riesgos y determinación de controles (punto 4.3.1 de la Norma) -- Requisitos legales y otros requisitos de SST (punto 4.3.2 de la Norma) -- Objetivos y programas de la organización en materia de SST (punto 4.3.3 de la Norma) -- Recursos, funciones, responsabilidad y autoridad (punto 4.4.1 de la Norma) -- Competencia, formación y toma de conciencia (punto 4.4.2 de la Norma) -- Comunicación, participación y consulta (puntos4.4.3 de la Norma) -- Documentación (punto 4.4.4 de la Norma) -- Control de documentos (punto 4.4.5 de la Norma) -- Control operacional (punto 4.4.6 de la Norma) -- Preparación y respuesta ante emergencias (punto 4.4.7 de la Norma) -- Seguimiento y medición del desempeño (punto 4.5.1 de la Norma) -- Evaluación del cumplimiento legal (punto 4.5.2 de la Norma) -- Investigación de incidentes, no conformidades, acción correctiva y acción preventiva (punto 4.5.4 de la Norma) -- Auditoría interna (punto 4.5.5 de la Norma) -- Revisión por la dirección (punto 4.6 de la Norma) -- Desarrollo práctico de la implantación del sistema de gestión de SST conforme a OHSAS 18001 -- Certificación del sistema OHSAS 18001. | |
| 526 | _aP203 | ||
| 526 | _aP200 | ||
| 526 | _aSEG65 | ||
| 526 | _aSEG64 | ||
| 526 | _aSEG63 | ||
| 526 | _aSEG62 | ||
| 526 | _aSEG61 | ||
| 526 | _aSEG60 | ||
| 526 | _aSEG59 | ||
| 526 | _aSEG58 | ||
| 526 | _aSEG57 | ||
| 526 | _aSEG56 | ||
| 526 | _aSEG55 | ||
| 526 | _aSEG54 | ||
| 526 | _aSEG53 | ||
| 526 | _aSEG52 | ||
| 526 | _aSEG51 | ||
| 526 | _aSEG50 | ||
| 526 | _aSEG49 | ||
| 526 | _aSEG48 | ||
| 526 | _aSEG47 | ||
| 526 | _aSEG46 | ||
| 526 | _aSEG24 | ||
| 526 | _aSEG23 | ||
| 526 | _aSEG22 | ||
| 526 | _aSEG21 | ||
| 526 | _aSEG20 | ||
| 526 | _aSEG19 | ||
| 526 | _aSEG18 | ||
| 526 | _aSEG17 | ||
| 526 | _aSEG16 | ||
| 526 | _aSEG14 | ||
| 526 | _aSEG13 | ||
| 526 | _aSEG12 | ||
| 526 | _aSEG11 | ||
| 526 | _aSEG10 | ||
| 526 | _aSEG09 | ||
| 526 | _aSEG06 | ||
| 526 | _aSEG05 | ||
| 526 | _aSEG04 | ||
| 526 | _aSEG03 | ||
| 526 | _aSEG02 | ||
| 526 | _aSEG68 | ||
| 526 | _aSEG66 | ||
| 526 | _aSEG45 | ||
| 526 | _aSEG25 | ||
| 526 | _aSEG01 | ||
| 526 | _aP163 | ||
| 526 | _aP162 | ||
| 526 | _aP161 | ||
| 526 | _aP160 | ||
| 526 | _aP159 | ||
| 526 | _aP158 | ||
| 526 | _aP157 | ||
| 526 | _aP156 | ||
| 526 | _aP155 | ||
| 526 | _aP154 | ||
| 526 | _aP153 | ||
| 526 | _aP152 | ||
| 526 | _aP151 | ||
| 526 | _aP150 | ||
| 526 | _aP149 | ||
| 526 | _aP142 | ||
| 526 | _aP141 | ||
| 526 | _aP140 | ||
| 526 | _aP139 | ||
| 526 | _aP138 | ||
| 526 | _aP137 | ||
| 526 | _aP132 | ||
| 526 | _aP131 | ||
| 526 | _aP130 | ||
| 526 | _aP126 | ||
| 526 | _aP125 | ||
| 526 | _aP124 | ||
| 526 | _aP123 | ||
| 526 | _aP115 | ||
| 526 | _aP122 | ||
| 526 | _aP121 | ||
| 526 | _aP116 | ||
| 526 | _a P114 | ||
| 526 | _aP112 | ||
| 526 | _aP111 | ||
| 526 | _aP104 | ||
| 526 | _aP103 | ||
| 526 | _aP102 | ||
| 526 | _aP101 | ||
| 526 | _aP100 | ||
| 526 | _aP96 | ||
| 526 | _aP95 | ||
| 526 | _aP93 | ||
| 526 | _aP92 | ||
| 526 | _aP91 | ||
| 526 | _aP88 | ||
| 526 | _aP83 | ||
| 526 | _aP82 | ||
| 526 | _aP79 | ||
| 526 | _aP78 | ||
| 526 | _aP75 | ||
| 526 | _aP74 | ||
| 526 | _aP71 | ||
| 526 | _aP69 | ||
| 526 | _a P51 | ||
| 526 | _aP49 | ||
| 526 | _aP48 | ||
| 526 | _aP47 | ||
| 526 | _aP33 | ||
| 526 | _aP31 | ||
| 526 | _a P30 | ||
| 526 | _aP29 | ||
| 526 | _aP27 | ||
| 526 | _aP26 | ||
| 526 | _aP25 | ||
| 526 | _aP24 | ||
| 526 | _a P22 | ||
| 526 | _aP10 | ||
| 526 | _aP09 | ||
| 526 | _a P08 | ||
| 526 | _aP06 | ||
| 526 | _aP05 | ||
| 526 | _aP04 | ||
| 526 | _aP01 | ||
| 541 | _g015-001551; | ||
| 541 | _g001-0039189; | ||
| 541 | _gF002-00000769; | ||
| 650 | 0 | 4 |
_aSeguridad industrial _xGestión. |
| 650 | 0 | 4 |
_aSeguridad industrial _xEstándares _xSalud ocupacional. |
| 650 | 0 | 4 |
_aSeguridad industrial _xGestión _xMetodología _vEspecificaciones. |
| 700 | 1 |
_aSánchez Rivero, José Manuel, _eautor. |
|
| 910 |
_cbd _d20130607 |
||
| 910 |
_ajck _bncf _cncf _d20170801 |
||
| 910 |
_adbm _bjpc _cjpc _d20181219 |
||
| 942 |
_2ddc _cBOOK |
||
| 949 |
_a620.8 E64 _wDEWEY _c1 _i67470 _lCCODEBUL1 _mBUL _p32.00 _r0 _sY _tBOOK _u2015-7-6 _xINGENIERIA _PP24 _o.STAFF. Colección General |
||
| 994 |
_aC0 _bPEPRU |
||
| 596 | _a1 | ||
| 999 |
_a620.8 E64 _wDEWEY _c55110 _i67470 _d55110 _f2021-11-9 _g7 _lCCODEBUL1 _mBUL _p32.00 _q2 _r0 _sY _tBOOK _u2015-7-6 _xINGENIERIA _PP24 _0COMPRA _o.STAFF. Colección General |
||
| 999 |
_a620.8 E64 _wDEWEY _c2 _i71675 _d2018-5-17 _f2021-11-9 _g7 _lCCODEBUL1 _mBUL _p30.76 _q1 _r0 _sY _tBOOK _u2015-8-6 _xINGENIERIA _PP04 _0COMPRA _o.STAFF. Colección General |
||
| 999 |
_a620.8 E64 _wDEWEY _c3 _i71676 _d2019-9-29 _e2019-9-25 _f2021-11-9 _g7 _lCCODEBUL1 _mBUL _n1 _p30.76 _r0 _sY _tBOOK _u2015-8-6 _xINGENIERIA _PP04 _0COMPRA _o.STAFF. Colección General |
||
| 999 |
_a620.8 E64 _wDEWEY _c4 _i76645 _d2018-10-10 _f2021-11-9 _g4 _lCCODEBUL1 _mBUL _p30.58 _q1 _r0 _sY _tBOOK _u2017-8-1 _xINGENIERIA _PP24 _0COMPRA _o.STAFF. Colección Ingeniería y Arquitectura |
||
| 999 |
_a620.8 E64 _wDEWEY _c5 _i76646 _d2018-4-16 _f2021-11-9 _g4 _lCCODEBUL1 _mBUL _p30.58 _q1 _r0 _sY _tBOOK _u2017-8-1 _xINGENIERIA _PP24 _0COMPRA _o.STAFF. Colección Ingeniería y Arquitectura |
||
| 999 |
_a620.8 E64 _wDEWEY _c6 _i79637 _d2019-5-19 _f2021-11-9 _g4 _lCCODEBUL1 _mBUL _p30.00 _q1 _r0 _sY _tBOOK _u2018-12-19 _xINGENIERIA _PP26 _0COMPRA _1FCOMPR2 _o.STAFF. Colección Ingeniería y Arquitectura |
||
| 980 |
_81 _gALBERTO SANCHEZ Responsable de Automatización |
||